000 00505nam a2200181 4500
001 143686
003 ES-MaACL
005 20231003130508.0
007 t|
008 070214s1962 sp r ||||1| spa d
100 1 _aSerra, Jacinto.
_9105608
245 1 0 _aMallorca en gris /
_cJacinto Serra.
260 _aPalma de Mallorca :
_b[s.n.],
_c1962 (
_fImp. Alcover)
300 _a112 p. ;
_c21 cm.
852 _aES-MaACL
_jC-22277
_bR.50531
_9148874
_cMES
942 _2udc
999 _c143686
_d143686